Phytoremediation : methods and reviews
Saved in:
| Other Authors: | |
|---|---|
| Format: | Book |
| Language: | English |
| Published: |
Totowa, N.J. :
Humana Press,
c2007
|
| Series: | Methods in biotechnology ;
; 23 |
| Subjects: | |
| Tags: |
Add Tag
No Tags, Be the first to tag this record!
|
MARC
| LEADER | 00000cam a2200000 i 4500 | ||
|---|---|---|---|
| 001 | 1/8978 | ||
| 008 | 100706s2007 eng d | ||
| 020 | |a 978-1-58829-541-5 | ||
| 035 | |l 10108460 | ||
| 040 | |a GR-MY-UA |b gre |e aacr | ||
| 041 | 0 | |a eng | |
| 082 | 0 | |a 628.5 |2 (22) | |
| 245 | 1 | 0 | |a Phytoremediation : |b methods and reviews / |c edited by Neil Willey |
| 260 | |a Totowa, N.J. : |b Humana Press, |c c2007 | ||
| 300 | |a xvi, 478 σ.; |b εικ., χάρτες; |c 24 εκ. | ||
| 490 | 1 | |a Methods in biotechnology |v ; 23 | |
| 504 | |a Περιέχει βιβλιογραφικές παραπομπές και ευρετήριο | ||
| 650 | 0 | 0 | |a Phytoremediation. |
| 700 | 1 | |a Willey, Neil. |4 edt | |
| 830 | 0 | |a Methods in biotechnology ; |v ; 23 | |
| 852 | |a INST |b LESVOS |e 20100706 |h 628.5 PHY |p 005100048123 |q 005100048123 |t BK |y 0 | ||
| 901 | |a BIBL1-2010-2 | ||
| 909 | |a Λ |b 165789 | ||
| 970 | |a ΚΑΡΑ |b ΓΙΑΣΕΜΗ |z 2010/07/06 | ||